000 00304nam a22001337a 4500
008 181107b xxu||||| |||| 00| 0 eng d
020 _a9780345368096
041 _aeng
080 _a316
100 _a50
101 _aSOC
245 _aThe Passion Of The Western Mind
_cTarnas.R
942 _2udc
_cBK
999 _c52106
_d52106